[Event "Mexican op 69th"]
[Site "Mexico City"]
[Date "2024.03.29"]
[Round "6"]
[White "Martin Del Campo C, Roberto Abel"]
[Black "Torres Rosas, Luis Carlos"]
[Result "1/2-1/2"]
[WhiteElo "2204"]
[BlackElo "2313"]
[PlyCount "179"]
[EventDate "2024.03.26"]
[EventType "swiss"]
[EventRounds "9"]
[EventCountry "MEX"]
[SourceTitle "CB14_2024"]
[SourceDate "2024.04.01"]
[SourceVersion "1"]
[SourceVersionDate "2024.04.01"]
[SourceQuality "1"]

1. e4 e6 2. d4 d5 3. Nd2 Be7 4. exd5 exd5 5. Bd3 Nf6 6. Nf1 0-0 7. Ng3 c5 8. Nf3 c4 9. Bf5 Bd6 10. Bxc8 Re8+ 11. Be3 Qxc8 12. 0-0 Nc6 13. c3 b5 14. Nd2 Qg4 15. Re1 Re6 16. Ndf1 Rae8 17. Qxg4 Nxg4 18. Bd2 Rxe1 19. Rxe1 Rxe1 20. Bxe1 Ne7 21. f3 Nf6 22. Ne3 Bf4 23. Bd2 Bxg3 24. hxg3 Nd7 25. Kf2 f6 26. Ke2 Kf7 27. Kd1 Ke6 28. Kc2 Nf5 29. Nf1 h5 30. Bf4 Nb6 31. Bc7 Nc8 32. Kd2 Nce7 33. g4 hxg4 34. fxg4 Nh6 35. Ne3 Nc6 36. Ke2 Nf7 37. Nf5 g6 38. Nh4 Ne7 39. g3 g5 40. Ng2 Kd7 41. Ba5 Nc6 42. Bb4 Nxb4 43. cxb4 Ke6 44. Ne3 Nd6 45. Kf3 a6 46. Nd1 Nc8 47. Ke3 Nb6 48. Nc3 Kd6 49. a3 Kc6 50. Kf3 Nc8 51. Nd1 Nd6 52. Nc3 Nc8 53. Ke3 Nb6 54. Kf3 Kd6 55. Ke3 Ke6 56. Kf3 Nc8 57. a4 Na7 58. Ke3 Kd6 59. axb5 axb5 60. Kd2 Kc6 61. Ke3 Nc8 62. Kd2 Nb6 63. Ke3 Na8 64. Kd2 Nc7 65. Nd1 Ne8 66. Ke3 Nc7 67. Kd2 Na6 68. Kc3 Nb8 69. Kd2 Na6 70. Kc3 Kd6 71. Ne3 Ke6 72. Nf5 Nb8 73. Ng7+ Kd7 74. Nf5 Nc6 75. Ne3 Ke6 76. Nf5 Kd7 77. Ne3 Ne7 78. Nf5 Nc8 79. Ne3 Ke6 80. Nf5 Kd7 81. Kd2 Na7 82. Ne3 Ke6 83. Nf5 Nc6 84. Kc3 Kd7 85. Ne3 Ne7 86. Nf5 Nc8 87. Ne3 Ke6 88. Nf5 Nb6 89. Ng7+ Kd7 90. Nf5 1/2-1/2

[Event "Mexican op 69th"]
[Site "Mexico City"]
[Date "2024.03.28"]
[Round "4"]
[White "Tapie Amione, Pablo Adib"]
[Black "Torres Rosas, Luis Carlos"]
[Result "1-0"]
[WhiteElo "2177"]
[BlackElo "2313"]
[PlyCount "129"]
[EventDate "2024.03.26"]
[EventType "swiss"]
[EventRounds "9"]
[EventCountry "MEX"]
[SourceTitle "CB14_2024"]
[SourceDate "2024.04.01"]
[SourceVersion "1"]
[SourceVersionDate "2024.04.01"]
[SourceQuality "1"]

1. e4 e6 2. d4 d5 3. Nc3 Nf6 4. e5 Nfd7 5. f4 c5 6. Nf3 Nc6 7. Be3 Be7 8. Qd2 a6 9. dxc5 Nxc5 10. 0-0-0 Qa5 11. Kb1 b5 12. Qf2 b4 13. Ne2 Ne4 14. Qe1 Rb8 15. Ka1 Bd7 16. Nfd4 0-0 17. Nb3 Qa4 18. Ng3 Nc3 19. bxc3 bxc3 20. Qxc3 Rfc8 21. Bd3 Bb4 22. Qb2 Na5 23. Ne2 Nc4 24. Qd4 Nxe3 25. Qxe3 Bb5 26. Bxb5 axb5 27. Nbd4 Qa5 28. Qb3 Ra8 29. Rd3 Rc4 30. Rb1 Bf8 31. c3 b4 32. Rc1 Qc7 33. Rc2 Qb6 34. Qb2 Ra3 35. Nb3 Qc7 36. Kb1 Qa7 37. cxb4 Rxb4 38. Ned4 Qa6 39. Rdc3 Raa4 40. Rc8 g6 41. Qc3 Rc4 42. Rxc4 dxc4 43. Nd2 Qb7+ 44. Ka1 Qxg2 45. N2f3 Qg4 46. Qe3 Bc5 47. Rb2 Ra8 48. Qe4 Rd8 49. Ne2 Ba3 50. Rd2 Rb8 51. Qe3 Bf8 52. Ng3 Ra8 53. Ne4 Kg7 54. Nd6 c3 55. Rc2 Ra4 56. Ne8+ Kh8 57. Nf6 Qf5 58. Rxc3 Rxf4 59. Rc8 Kg7 60. Ne8+ Kg8 61. Nd2 g5 62. Nf6+ Kg7 63. Nh5+ Kh6 64. Nxf4 gxf4 65. Qe4 1-0

[Event "Mexican op 69th"]
[Site "Mexico City"]
[Date "2024.03.28"]
[Round "3"]
[White "Torres Rosas, Luis Carlos"]
[Black "Almeida Quintana, Omar"]
[Result "1/2-1/2"]
[WhiteElo "2313"]
[BlackElo "2524"]
[PlyCount "44"]
[EventDate "2024.03.26"]
[EventType "swiss"]
[EventRounds "9"]
[EventCountry "MEX"]
[SourceTitle "CB14_2024"]
[SourceDate "2024.04.01"]
[SourceVersion "1"]
[SourceVersionDate "2024.04.01"]
[SourceQuality "1"]

1. d4 d6 2. c4 e5 3. e3 f5 4. Nc3 Nf6 5. Be2 Be7 6. Nh3 0-0 7. 0-0 c5 8. dxe5 dxe5 9. Qxd8 Rxd8 10. b3 Nc6 11. Ba3 h6 12. Rad1 Be6 13. Bf3 e4 14. Be2 g5 15. f3 Nb4 16. Nf2 exf3 17. Bxf3 Rab8 18. Rxd8+ Rxd8 19. Bxb7 Rd2 20. Rd1 Rc2 21. Rc1 Rd2 22. Rd1 Rc2 1/2-1/2

[Event "Carlos Torre Memorial op 33rd"]
[Site "Merida"]
[Date "2023.12.17"]
[Round "6"]
[White "Torres Rosas, Luis Carlos"]
[Black "Budisavljevic, Luka"]
[Result "1/2-1/2"]
[WhiteElo "2294"]
[BlackElo "2476"]
[PlyCount "84"]
[EventDate "2023.12.15"]
[EventType "swiss"]
[EventRounds "9"]
[EventCountry "MEX"]
[SourceTitle "CB52_2023"]
[SourceDate "2023.12.27"]
[SourceVersion "1"]
[SourceVersionDate "2023.12.27"]
[SourceQuality "1"]

1. d4 e6 2. c4 b6 3. e4 Bb7 4. Nc3 Bb4 5. Qc2 Bxc3+ 6. bxc3 Qh4 7. d5 f5 8. exf5 exd5 9. cxd5 Bxd5 10. Ne2 Qe7 11. Be3 Be4 12. Qd2 Bxf5 13. Nd4 Be4 14. f3 Bb7 15. Kf2 Nf6 16. Bc4 d5 17. Bb5+ c6 18. Nf5 Qd7 19. Nxg7+ Qxg7 20. Bh6 Qf7 21. Rhe1+ Kd8 22. Bd3 Ba6 23. c4 Nbd7 24. Qf4 Ne4+ 25. Rxe4 Qxf4 26. Rxf4 Ne5 27. Bc2 Bxc4 28. Re1 Re8 29. Bxh7 Kd7 30. Rf6 Nd3+ 31. Bxd3 Bxd3 32. Rf7+ Kd6 33. Bf4+ Kc5 34. Be3+ Kb5 35. h4 c5 36. Rd1 Bc4 37. Rf5 Re6 38. h5 Rae8 39. Bg5 Re5 40. Rxe5 Rxe5 41. f4 Re2+ 42. Kg3 d4 1/2-1/2

[Event "Carlos Torre Memorial op 33rd"]
[Site "Merida"]
[Date "2023.12.15"]
[Round "1"]
[White "Vega Castaneda, Ulises Antonio"]
[Black "Torres Rosas, Luis Carlos"]
[Result "0-1"]
[WhiteElo "1843"]
[BlackElo "2294"]
[PlyCount "79"]
[EventDate "2023.12.15"]
[EventType "swiss"]
[EventRounds "9"]
[EventCountry "MEX"]
[SourceTitle "CB52_2023"]
[SourceDate "2023.12.27"]
[SourceVersion "1"]
[SourceVersionDate "2023.12.27"]
[SourceQuality "1"]

1. d4 Nf6 2. Nc3 e6 3. e4 d5 4. Bg5 Bb4 5. e5 h6 6. Bd2 Bxc3 7. bxc3 Ne4 8. Qg4 g6 9. Bd3 Nxd2 10. Kxd2 c5 11. h4 Nc6 12. Rh3 c4 13. Be2 Bd7 14. h5 g5 15. f4 f5 16. exf6 e5 17. f7+ Kf8 18. f5 e4 19. Re3 Rh7 20. Qh3 Rxf7 21. g4 Qc7 22. Qg3 Qxg3 23. Rxg3 Ne7 24. Nh3 Rf6 25. Nf2 Ra6 26. Nd1 Ng8 27. Ne3 Nf6 28. Rgg1 b5 29. Rgb1 Ra3 30. Nd1 Rb8 31. Kc1 Rb6 32. Rb4 Rba6 33. Rb2 Ke7 34. Kd2 R6a4 35. Ne3 Kd6 36. Bd1 a5 37. Be2 b4 38. Nd1 bxc3+ 39. Nxc3 e3+ 40. Ke1 0-1

[Event "Omaha Mednis Memorial"]
[Site "Omaha"]
[Date "2023.11.19"]
[Round "8"]
[White "Oberoi, Shelev"]
[Black "Torres Rosas, Luis Carlos"]
[Result "1-0"]
[WhiteElo "2177"]
[BlackElo "2310"]
[PlyCount "73"]
[EventDate "2023.11.15"]
[EventType "tourn"]
[EventRounds "9"]
[EventCountry "USA"]
[SourceTitle "CB47_2023"]
[SourceDate "2023.11.22"]
[SourceVersion "1"]
[SourceVersionDate "2023.11.22"]
[SourceQuality "1"]

1. e4 c5 2. c3 e6 3. d4 d5 4. exd5 exd5 5. Nf3 Nc6 6. Bb5 Bd6 7. dxc5 Bxc5 8. 0-0 Nge7 9. Nbd2 0-0 10. Nb3 Bd6 11. Bd3 h6 12. a4 Bg4 13. Be2 Re8 14. h3 Bh5 15. Nbd4 Bc7 16. Be3 a6 17. Qb3 Nxd4 18. Nxd4 Qd6 19. g3 Bxe2 20. Bf4 Qb6 21. Qxb6 Bxb6 22. Nxe2 Nf5 23. Rfe1 Re4 24. Kf1 Rae8 25. Bd2 d4 26. c4 d3 27. Nf4 Nd4 28. Rad1 Nf3 29. Rxe4 Rxe4 30. b3 Ne5 31. Bb4 g5 32. Nd5 Bd8 33. Ba5 Bxa5 34. Nf6+ Kg7 35. Nxe4 f5 36. Nd6 Kf6 37. f4 1-0

[Event "MEX-ch"]
[Site "Mexico City"]
[Date "2023.11.09"]
[Round "4"]
[White "Luna Javier, Edgar Froylan"]
[Black "Torres Rosas, Luis Carlos"]
[Result "0-1"]
[WhiteElo "2184"]
[BlackElo "2310"]
[PlyCount "20"]
[EventDate "2023.11.07"]
[EventType "swiss"]
[EventRounds "9"]
[EventCountry "MEX"]
[SourceTitle "CB46_2023"]
[SourceDate "2023.11.15"]
[SourceVersion "1"]
[SourceVersionDate "2023.11.15"]
[SourceQuality "1"]

1. Nf3 Nf6 2. d4 e6 3. g3 d5 4. Bg2 Be7 5. 0-0 0-0 6. c4 c6 7. Nc3 a5 8. Qc2 dxc4 9. a4 Na6 10. Na2 Bd7 0-1

[Event "MEX-ch"]
[Site "Mexico City"]
[Date "2023.11.09"]
[Round "3"]
[White "Torres Rosas, Luis Carlos"]
[Black "Garduno Huerta, Joshua Emiliano"]
[Result "1-0"]
[WhiteElo "2310"]
[BlackElo "1827"]
[PlyCount "59"]
[EventDate "2023.11.07"]
[EventType "swiss"]
[EventRounds "9"]
[EventCountry "MEX"]
[SourceTitle "CB46_2023"]
[SourceDate "2023.11.15"]
[SourceVersion "1"]
[SourceVersionDate "2023.11.15"]
[SourceQuality "1"]

1. d4 d5 2. c4 c6 3. Nf3 Nf6 4. Nc3 e6 5. e3 Nbd7 6. Be2 Bd6 7. b3 Bb4 8. Bd2 0-0 9. 0-0 Re8 10. Nxd5 Nxd5 11. cxd5 Bxd2 12. dxc6 Ba5 13. cxd7 Bxd7 14. Ne5 Bc7 15. Nxd7 Qxd7 16. Bf3 Bd6 17. Rc1 Rac8 18. Qd3 g6 19. g3 Rxc1 20. Rxc1 Rc8 21. Rd1 Qc7 22. Kg2 Qb6 23. h4 Qb4 24. h5 Kg7 25. Qe4 Rc7 26. hxg6 hxg6 27. Rh1 Rc8 28. Qh4 Rg8 29. Qh7+ Kf8 30. Rc1 1-0

[Event "Cancun Camara Cup 11th"]
[Site "Cancun"]
[Date "2023.10.15"]
[Round "8"]
[White "Duran Vega, Sergio"]
[Black "Torres Rosas, Luis Carlos"]
[Result "1-0"]
[WhiteElo "2392"]
[BlackElo "2271"]
[PlyCount "131"]
[EventDate "2023.10.11"]
[EventType "swiss"]
[EventRounds "9"]
[EventCountry "MEX"]
[SourceTitle "Mega2024 Update 01"]
[Source "Chessbase"]
[SourceDate "2023.11.12"]
[SourceVersion "1"]
[SourceVersionDate "2023.11.12"]
[SourceQuality "1"]

1. Nf3 Nf6 2. c4 e6 3. g3 d5 4. d4 Bb4+ 5. Bd2 Be7 6. Bg2 0-0 7. 0-0 c6 8. Qc2 Nbd7 9. Bf4 a5 10. Nbd2 Nh5 11. Be3 f5 12. Ne1 g5 13. Ndf3 g4 14. Nd2 Bd6 15. Nd3 Qf6 16. f3 Qg7 17. fxg4 fxg4 18. Rxf8+ Nxf8 19. Bf2 Be7 20. e4 Bf6 21. exd5 Bxd4 22. dxc6 bxc6 23. Bxc6 Rb8 24. Rf1 Ng6 25. Nb3 Bf6 26. Nxa5 Ne7 27. Bg2 Nf5 28. Nc6 Rb7 29. Qe2 Rc7 30. Nce5 Nh6 31. b4 Nf7 32. Nxf7 Rxf7 33. b5 Bd4 34. c5 Rf5 35. b6 Kh8 36. b7 Bxb7 37. Bxb7 Bxf2+ 38. Rxf2 Qxb7 39. Rxf5 exf5 40. Qb2+ Qxb2 41. Nxb2 Nf6 42. Nc4 Kg7 43. Nd6 Nd5 44. Nxf5+ Kf6 45. Nd4 Ke5 46. Nb3 Nc3 47. a3 Kd5 48. Kf2 Kc4 49. Nd2+ Kd3 50. Ke1 Nd5 51. c6 Nc7 52. Nf1 h5 53. Kf2 Kd4 54. Ne3 Kc5 55. Nf5 Kxc6 56. Ng7 Kd5 57. Nxh5 Ke4 58. a4 Nd5 59. a5 Nb4 60. Nf6+ Kf5 61. Nd7 Ke4 62. Nc5+ Kd4 63. a6 Nc6 64. Ne6+ Kd3 65. Nd8 Na7 66. Nf7 1-0

[Event "Cancun Camara Cup 11th"]
[Site "Cancun"]
[Date "2023.10.14"]
[Round "7"]
[White "Torres Rosas, Luis Carlos"]
[Black "Ibarra Chami, Luis Fernando"]
[Result "1/2-1/2"]
[WhiteElo "2271"]
[BlackElo "2442"]
[PlyCount "86"]
[EventDate "2023.10.11"]
[EventType "swiss"]
[EventRounds "9"]
[EventCountry "MEX"]
[SourceTitle "Mega2024 Update 01"]
[Source "Chessbase"]
[SourceDate "2023.11.12"]
[SourceVersion "1"]
[SourceVersionDate "2023.11.12"]
[SourceQuality "1"]

1. c4 e6 2. g3 d5 3. Bg2 Nf6 4. Nf3 dxc4 5. Qa4+ Nbd7 6. Qxc4 a6 7. Qc2 c5 8. Nc3 Qc7 9. d4 b5 10. Bf4 Qa7 11. d5 Nxd5 12. Nxd5 exd5 13. Nh4 Nf6 14. 0-0 Be7 15. a4 b4 16. Nf5 0-0 17. Bg5 Be6 18. Nxe7+ Qxe7 19. e4 b3 20. Qxb3 dxe4 21. Qc3 Rfe8 22. Rfe1 Bd5 23. f3 h6 24. Bxf6 Qxf6 25. Qxf6 gxf6 26. fxe4 Bc6 27. Rec1 Bxe4 28. Bxe4 Rxe4 29. Rxc5 Re2 30. Rf1 Rb8 31. Rf2 Rxf2 32. Kxf2 Rxb2+ 33. Kf3 Rxh2 34. Ra5 Ra2 35. Rxa6 Kg7 36. Ra8 f5 37. a5 Kf6 38. a6 Ra3+ 39. Kf4 Ra4+ 40. Kf3 f4 41. g4 Kg5 42. a7 Kf6 43. Rh8 Rxa7 1/2-1/2

[Event "World op 51st"]
[Site "Philadelphia"]
[Date "2023.07.03"]
[Round "7"]
[White "Homa, Seth"]
[Black "Torres Rosas, Luis Carlos"]
[Result "1-0"]
[WhiteElo "2219"]
[BlackElo "2325"]
[PlyCount "63"]
[EventDate "2023.06.30"]
[EventType "swiss"]
[EventRounds "9"]
[EventCountry "USA"]
[SourceTitle "CBM 215 Extra"]
[Source "ChessBase"]
[SourceDate "2023.09.30"]
[SourceVersion "1"]
[SourceVersionDate "2023.09.30"]
[SourceQuality "1"]

1. d4 Nf6 2. Bf4 e6 3. e3 d5 4. Nf3 c5 5. Nbd2 Nc6 6. c3 cxd4 7. exd4 Nh5 8. Be3 Bd6 9. g3 0-0 10. Ne5 Nf6 11. f4 Ne7 12. Bd3 b6 13. Qf3 Ne8 14. g4 f6 15. Qh3 g6 16. 0-0 a5 17. Qh6 Ba6 18. Bxa6 Rxa6 19. Rf3 Qc7 20. Rh3 Nc8 21. Nxg6 Rf7 22. Qh5 Rg7 23. Ne5 Qd8 24. Rf1 fxe5 25. fxe5 Be7 26. Bh6 Rg6 27. Rhf3 Ng7 28. Bxg7 Rxg7 29. Rf7 Bf8 30. Rxf8+ Qxf8 31. Rxf8+ Kxf8 32. Qh6 1-0

[Event "Mexican op 68th"]
[Site "Mexico City"]
[Date "2023.04.07"]
[Round "5"]
[White "Espinosa Veloz, Ermes"]
[Black "Torres Rosas, Luis Carlos"]
[Result "1/2-1/2"]
[WhiteElo "2482"]
[BlackElo "2304"]
[PlyCount "85"]
[EventDate "2023.04.04"]
[EventType "swiss"]
[EventRounds "9"]
[EventCountry "MEX"]
[SourceTitle "CBM 213 Extra"]
[Source "ChessBase"]
[SourceDate "2023.05.31"]
[SourceVersion "1"]
[SourceVersionDate "2023.05.31"]
[SourceQuality "1"]

1. e4 e6 2. d4 d5 3. Nc3 Nf6 4. e5 Nfd7 5. f4 c5 6. Nf3 Nc6 7. Be3 Be7 8. Qd2 a6 9. dxc5 Nxc5 10. 0-0-0 Qa5 11. Kb1 b5 12. Ne2 Qxd2 13. Rxd2 Ne4 14. Rd1 f6 15. exf6 gxf6 16. Ng3 Nd6 17. Bc5 Bd7 18. Be2 0-0-0 19. a4 Kc7 20. axb5 axb5 21. Bxd6+ Bxd6 22. f5 b4 23. fxe6 Bxe6 24. Bb5 Ne5 25. Nd4 Bc8 26. Nh5 Ng4 27. Rd2 Nxh2 28. Nxf6 Bf4 29. Rd3 Kb6 30. Bc6 Be5 31. Nxd5+ Kc5 32. Rhd1 Bxd4 33. Rxd4 Bg4 34. R1d3 Be2 35. Nf4 Bxd3 36. Ne6+ Kxc6 37. Nxd8+ Rxd8 38. Rxd8 Bg6 39. Kc1 Nf1 40. Rc8+ Kd5 41. Rd8+ Kc5 42. Rc8+ Kd5 43. Rd8+ 1/2-1/2

[Event "Mexican op 68th"]
[Site "Mexico City"]
[Date "2023.04.06"]
[Round "3"]
[White "Ibarra Chami, Luis Fernando"]
[Black "Torres Rosas, Luis Carlos"]
[Result "0-1"]
[WhiteElo "2440"]
[BlackElo "2304"]
[PlyCount "86"]
[EventDate "2023.04.04"]
[EventType "swiss"]
[EventRounds "9"]
[EventCountry "MEX"]
[SourceTitle "CBM 213 Extra"]
[Source "ChessBase"]
[SourceDate "2023.05.31"]
[SourceVersion "1"]
[SourceVersionDate "2023.05.31"]
[SourceQuality "1"]

1. e4 c5 2. Nf3 d6 3. d4 cxd4 4. Qxd4 Nf6 5. Bb5+ Bd7 6. c4 g6 7. 0-0 Bg7 8. Nc3 0-0 9. h3 a6 10. Bxd7 Nbxd7 11. Bd2 Qb8 12. Qd3 Rc8 13. Qe2 e6 14. a4 Qc7 15. b3 Ne5 16. Nxe5 dxe5 17. a5 Qc6 18. Kh2 Rd8 19. f3 Nh5 20. g3 f5 21. exf5 gxf5 22. Bg5 Rd4 23. Rad1 h6 24. Be3 Qe8 25. Bxd4 exd4 26. Na4 Qg6 27. Rg1 e5 28. Nc5 Re8 29. Rde1 Kh8 30. Qc2 e4 31. fxe4 Be5 32. exf5 Bxg3+ 33. Kh1 Qc6+ 34. Re4 Re5 35. Qg2 Qxc5 36. Rg4 d3 37. Qxb7 Re8 38. Qd7 Qe5 39. Qxd3 Bf2 40. Rd1 Ng3+ 41. Kg2 Nxf5 42. Kxf2 Ne3 43. Rg3 Qf4+ 0-1

[Event "Los Angeles 1000GM Spring op"]
[Site "Los Angeles"]
[Date "2023.03.19"]
[Round "4"]
[White "Woodward, Andy"]
[Black "Torres Rosas, Luis Carlos"]
[Result "1/2-1/2"]
[WhiteElo "2450"]
[BlackElo "2303"]
[PlyCount "65"]
[EventDate "2023.03.17"]
[EventType "swiss"]
[EventRounds "9"]
[EventCountry "USA"]
[SourceTitle "CBM 213 Extra"]
[Source "ChessBase"]
[SourceDate "2023.05.31"]
[SourceVersion "1"]
[SourceVersionDate "2023.05.31"]
[SourceQuality "1"]

1. d4 Nf6 2. c4 e6 3. g3 d5 4. Nf3 Be7 5. Bg2 0-0 6. 0-0 c6 7. Qc2 b6 8. Bf4 Bb7 9. Nbd2 Nh5 10. e3 Nd7 11. cxd5 Nxf4 12. exf4 cxd5 13. Rfc1 Nf6 14. Ne5 Ne8 15. Bf1 Nd6 16. Bd3 g6 17. h4 f6 18. Nef3 Rc8 19. Qa4 Nc4 20. Qb3 Nxd2 21. Nxd2 Rxc1+ 22. Rxc1 Qd7 23. Re1 Bc6 24. Bb1 Ba4 25. Qe3 Rc8 26. Bd3 Bc2 27. Bb5 Qd6 28. Rc1 Rc7 29. f3 h5 30. Nf1 Bf5 31. Rc3 Rxc3 32. Qxc3 Qb4 33. Qxb4 1/2-1/2

[Event "US Masters op"]
[Site "Charlotte"]
[Date "2022.11.24"]
[Round "3"]
[White "Mishra, Abhimanyu"]
[Black "Torres Rosas, Luis Carlos"]
[Result "1/2-1/2"]
[WhiteElo "2549"]
[BlackElo "2336"]
[PlyCount "82"]
[EventDate "2022.11.23"]
[EventType "swiss"]
[EventRounds "9"]
[EventCountry "USA"]
[SourceTitle "CBM 211 Extra"]
[Source "ChessBase"]
[SourceDate "2023.01.31"]
[SourceVersion "1"]
[SourceVersionDate "2023.01.31"]
[SourceQuality "1"]

1. e4 e6 2. d4 d5 3. Nd2 c5 4. Ngf3 cxd4 5. Nxd4 Nc6 6. Bb5 Bd7 7. Nxc6 bxc6 8. Bd3 Qc7 9. Qe2 Ne7 10. 0-0 Ng6 11. Nf3 Be7 12. c4 dxe4 13. Bxe4 f5 14. Bc2 0-0 15. Ng5 Rf6 16. h4 Re8 17. h5 Nh8 18. Bd2 Nf7 19. Rfe1 Nh6 20. g3 Bc5 21. Be3 Bxe3 22. Qxe3 Ng4 23. Qe2 Rff8 24. c5 h6 25. Ne4 Nxf2 26. Nxf2 Qxg3+ 27. Kf1 Bc8 28. Rad1 e5 29. Rd3 Qg5 30. Rd6 e4 31. Rg6 Qh4 32. Qc4+ Kh8 33. Qd4 Ba6+ 34. Kg2 Rf6 35. Qd7 Rxg6+ 36. hxg6 Qg5+ 37. Kh2 Qf4+ 38. Kg1 Qg3+ 39. Kh1 Qf3+ 40. Kg1 Qg3+ 41. Kh1 Qf3+ 1/2-1/2

[Event "Andorra op 38th"]
[Site "Escaldes"]
[Date "2022.07.25"]
[Round "2"]
[White "Kobo, Ori"]
[Black "Torres Rosas, Luis Carlos"]
[Result "1/2-1/2"]
[WhiteElo "2534"]
[BlackElo "2323"]
[PlyCount "69"]
[EventDate "2022.07.24"]
[EventType "swiss"]
[EventRounds "9"]
[EventCountry "AND"]
[SourceTitle "CBM 209 Extra"]
[Source "ChessBase"]
[SourceDate "2022.09.30"]
[SourceVersion "1"]
[SourceVersionDate "2022.09.30"]
[SourceQuality "1"]

1. Nf3 Nf6 2. d4 e6 3. g3 d5 4. Bg2 Be7 5. c4 0-0 6. Qc2 a5 7. 0-0 c6 8. Bg5 b6 9. Nbd2 Bb7 10. Rfe1 Na6 11. Rad1 h6 12. Bxf6 Bxf6 13. e4 Rc8 14. Qb1 Qc7 15. h4 Rfd8 16. Bh3 Rd7 17. cxd5 cxd5 18. e5 Be7 19. Rc1 Qd8 20. Bf1 Rxc1 21. Rxc1 Rc7 22. h5 Qc8 23. Rxc7 Qxc7 24. Qd1 Nb8 25. Qa4 Qc6 26. Qd1 Ba6 27. a3 Bxf1 28. Nxf1 b5 29. Ne3 Qb6 30. Qd3 Nc6 31. Nd1 Na7 32. Nc3 Qc6 33. Nd2 b4 34. axb4 Bxb4 35. Ndb1 1/2-1/2

[Event "Mexican op 67th"]
[Site "Chihuahua City"]
[Date "2022.04.12"]
[Round "1"]
[White "Dominguez Gonzalez, Edgar"]
[Black "Torres Rosas, Luis Carlos"]
[Result "0-1"]
[WhiteElo "1770"]
[BlackElo "2356"]
[PlyCount "54"]
[EventDate "2022.04.12"]
[EventType "swiss"]
[EventRounds "9"]
[EventCountry "MEX"]
[SourceTitle "CBM 207 Extra"]
[Source "ChessBase"]
[SourceDate "2022.05.31"]
[SourceVersion "1"]
[SourceVersionDate "2022.05.31"]
[SourceQuality "1"]

1. e4 e6 2. d4 d5 3. e5 c5 4. c3 Qb6 5. Nf3 Nc6 6. a3 c4 7. Nbd2 Na5 8. g3 Bd7 9. h4 Ne7 10. Bh3 Qc7 11. 0-0 Nc8 12. Nh2 Nb6 13. f4 g6 14. Qe1 0-0-0 15. Bg4 Ba4 16. Bd1 Qc6 17. Rf3 Bxd1 18. Qxd1 Qa4 19. Qxa4 Nxa4 20. Rb1 Kb8 21. b3 cxb3 22. Nxb3 Nc4 23. Ng4 h5 24. Ne3 Nxc3 25. Ra1 Ne2+ 26. Kf2 Nxc1 27. Nxc1 Nd2 0-1